<?xml version="1.0" encoding="UTF-8"?>
<record
    xmlns:xsi="http://www.w3.org/2001/XMLSchema-instance"
    xsi:schemaLocation="http://www.loc.gov/MARC21/slim http://www.loc.gov/standards/marcxml/schema/MARC21slim.xsd"
    xmlns="http://www.loc.gov/MARC21/slim">

  <leader>01935nam a2200409 i 4500</leader>
  <controlfield tag="001">198412</controlfield>
  <controlfield tag="003">ES-MaACL</controlfield>
  <controlfield tag="005">20260601173830.0</controlfield>
  <controlfield tag="007">ta</controlfield>
  <controlfield tag="008">260601s1956    sp a|||| |||| 001 1 spa d</controlfield>
  <datafield tag="040" ind1=" " ind2=" ">
    <subfield code="a">ES-MaACL</subfield>
    <subfield code="b">spa</subfield>
    <subfield code="c">ES-MaACL</subfield>
    <subfield code="e">rda</subfield>
  </datafield>
  <datafield tag="080" ind1=" " ind2=" ">
    <subfield code="a">82"18/19"(082.2)</subfield>
  </datafield>
  <datafield tag="100" ind1="1" ind2=" ">
    <subfield code="a">Buck, Pearl S. (</subfield>
    <subfield code="d">1892-1973)</subfield>
    <subfield code="4">aut</subfield>
    <subfield code="9">32316</subfield>
    <subfield code="e">aut</subfield>
  </datafield>
  <datafield tag="245" ind1="1" ind2="0">
    <subfield code="a">Pearl S. Buck, Thomas Stearns Eliot, Henri Bergson, Luigi Pirandello, Verner von Heidenstam, George Bernard Shaw</subfield>
  </datafield>
  <datafield tag="264" ind1=" " ind2="1">
    <subfield code="a">Barcelona :</subfield>
    <subfield code="b">Jos&#xE9; Jan&#xE9;s Editor,</subfield>
    <subfield code="c">1956</subfield>
  </datafield>
  <datafield tag="300" ind1=" " ind2=" ">
    <subfield code="a">1998 p&#xE1;ginas y 6 hojas sin numerar :</subfield>
    <subfield code="b">retratos (blanco y negro) ;</subfield>
    <subfield code="c">18 cm</subfield>
  </datafield>
  <datafield tag="336" ind1=" " ind2=" ">
    <subfield code="2">rdacontent</subfield>
    <subfield code="a">Texto</subfield>
  </datafield>
  <datafield tag="337" ind1=" " ind2=" ">
    <subfield code="2">rdamedia</subfield>
    <subfield code="a">sin mediaci&#xF3;n</subfield>
  </datafield>
  <datafield tag="338" ind1=" " ind2=" ">
    <subfield code="2">rdacarrier</subfield>
    <subfield code="a">volumen</subfield>
  </datafield>
  <datafield tag="490" ind1="0" ind2=" ">
    <subfield code="a">Los premios Nobel de literatura ;</subfield>
    <subfield code="v">3</subfield>
  </datafield>
  <datafield tag="500" ind1=" " ind2=" ">
    <subfield code="a">Registro provisional</subfield>
  </datafield>
  <datafield tag="500" ind1=" " ind2=" ">
    <subfield code="a">&#xCD;ndice</subfield>
  </datafield>
  <datafield tag="505" ind1="0" ind2=" ">
    <subfield code="a">La estirpe del drag&#xF3;n ; La promesa ; Viento del este, viento del oeste / Pearl S. Buck -- Asesinato en la catedral ; Dante ; Poemas / Thomas Stearns Eliot -- La risa / Henri Bergson -- El difunto Mat&#xED;as Pascal ; Seis personajes en busca de autor ; Cuentos ; Ensayos / Luigi Pirandello -- Los paladines de Carlos XII / Verner Von Heidenstam -- Santa Juana ; Pigmali&#xF3;n / George Bernard Shaw</subfield>
  </datafield>
  <datafield tag="546" ind1=" " ind2=" ">
    <subfield code="a">Traducido del franc&#xE9;s, ingl&#xE9;s, sueco e italiano</subfield>
  </datafield>
  <datafield tag="650" ind1=" " ind2="4">
    <subfield code="a">Literatura-</subfield>
    <subfield code="y">S.XIX</subfield>
    <subfield code="9">160173</subfield>
  </datafield>
  <datafield tag="650" ind1=" " ind2="4">
    <subfield code="a">Literatura-</subfield>
    <subfield code="y">S.XX</subfield>
    <subfield code="9">14497</subfield>
  </datafield>
  <datafield tag="700" ind1="1" ind2=" ">
    <subfield code="a">Eliot, T. S.,</subfield>
    <subfield code="d">1888-1965</subfield>
    <subfield code="4">aut</subfield>
    <subfield code="9">46996</subfield>
    <subfield code="e">aut</subfield>
  </datafield>
  <datafield tag="700" ind1="1" ind2=" ">
    <subfield code="a">Bergson, Henri</subfield>
    <subfield code="4">aut</subfield>
    <subfield code="9">28013</subfield>
    <subfield code="e">aut</subfield>
  </datafield>
  <datafield tag="700" ind1="1" ind2=" ">
    <subfield code="a">Pirandello, Luigi</subfield>
    <subfield code="4">aut</subfield>
    <subfield code="9">92338</subfield>
    <subfield code="e">aut</subfield>
  </datafield>
  <datafield tag="700" ind1="1" ind2=" ">
    <subfield code="a">Verner von Heidenstam, Carl Gustav,</subfield>
    <subfield code="d">1859-1940</subfield>
    <subfield code="4">aut</subfield>
    <subfield code="9">114167</subfield>
    <subfield code="e">aut</subfield>
  </datafield>
  <datafield tag="700" ind1="1" ind2=" ">
    <subfield code="a">Shaw, Bernard</subfield>
    <subfield code="9">106025</subfield>
  </datafield>
  <datafield tag="852" ind1=" " ind2=" ">
    <subfield code="a">ES-MaACL</subfield>
    <subfield code="c">DES</subfield>
    <subfield code="j">DB-215</subfield>
    <subfield code="h">Donaci&#xF3;n: J. Porto</subfield>
    <subfield code="x">Encuadernaci&#xF3;n carton&#xE9;</subfield>
    <subfield code="9">207388</subfield>
  </datafield>
  <datafield tag="942" ind1=" " ind2=" ">
    <subfield code="c">MONOGRAFIA</subfield>
    <subfield code="n">0</subfield>
  </datafield>
  <datafield tag="999" ind1=" " ind2=" ">
    <subfield code="c">198412</subfield>
    <subfield code="d">198412</subfield>
  </datafield>
  <datafield tag="952" ind1=" " ind2=" ">
    <subfield code="0">0</subfield>
    <subfield code="1">0</subfield>
    <subfield code="2">udc</subfield>
    <subfield code="4">0</subfield>
    <subfield code="7">0</subfield>
    <subfield code="a">ATENEOM</subfield>
    <subfield code="b">ATENEOM</subfield>
    <subfield code="c">DES</subfield>
    <subfield code="d">2026-06-01</subfield>
    <subfield code="e">DONACION</subfield>
    <subfield code="l">0</subfield>
    <subfield code="o">DB-215</subfield>
    <subfield code="p">2026-0382</subfield>
    <subfield code="r">2026-06-01 14:30:15</subfield>
    <subfield code="w">2026-06-01</subfield>
    <subfield code="y">MONOGRAFIA</subfield>
  </datafield>
</record>
